000
00313nam a2200133Ia 4500
008
211105s9999||||xx |||||||||||||| ||und||
082
_a
RD347.007293 T231E 2004
084
_b
08-00188
100
_a
Tavares, F.
245
0
_a
Elementos de procesal civil dominicano
260
_c
2004
300
_a
3
999
_c
16310
_d
16310